CLNC success stories : (Record no. 27562)

000 -LEADER
fixed length control field 01136cam a2200301 a 4500
001 - CONTROL NUMBER
control field 13583224
003 - CONTROL NUMBER IDENTIFIER
control field OSt
005 - DATE AND TIME OF LATEST TRANSACTION
control field 20170209095244.0
008 - FIXED-LENGTH DATA ELEMENTS--GENERAL INFORMATION
fixed length control field 040505s2003 txu 000 0 eng d
010 ## - LIBRARY OF CONGRESS CONTROL NUMBER
LC control number 2004273683
020 ## - INTERNATIONAL STANDARD BOOK NUMBER
International Standard Book Number 1933216646
035 ## - SYSTEM CONTROL NUMBER
System control number (OCoLC)ocm60803761
040 ## - CATALOGING SOURCE
Original cataloging agency NJP
Transcribing agency NJP
Modifying agency DLC
042 ## - AUTHENTICATION CODE
Authentication code lccopycat
043 ## - GEOGRAPHIC AREA CODE
Geographic area code n-us---
050 00 - LIBRARY OF CONGRESS CALL NUMBER
Classification number KF8964.Z9
Item number C58 2003
245 00 - TITLE STATEMENT
Title CLNC success stories :
Remainder of title we are nurses and we can do anything /
Statement of responsibility, etc. Vickie L. Milazzo, editor.
246 14 - VARYING FORM OF TITLE
Title proper/short title Certified legal nurse consultants success stories
250 ## - EDITION STATEMENT
Edition statement 4nd ed.
260 ## - PUBLICATION, DISTRIBUTION, ETC. (IMPRINT)
Place of publication, distribution, etc. Houston, Tex. :
Name of publisher, distributor, etc. Medical-Legal Consulting Institute,
Date of publication, distribution, etc. c2008.
300 ## - PHYSICAL DESCRIPTION
Extent x, 109 p. ;
Dimensions 22 cm.
650 #0 - SUBJECT ADDED ENTRY--TOPICAL TERM
Topical term or geographic name as entry element Nursing consultants
Geographic subdivision United States.
650 #0 - SUBJECT ADDED ENTRY--TOPICAL TERM
Topical term or geographic name as entry element Medical jurisprudence
Geographic subdivision United States.
650 #0 - SUBJECT ADDED ENTRY--TOPICAL TERM
Topical term or geographic name as entry element Evidence, Expert
Geographic subdivision United States.
700 1# - ADDED ENTRY--PERSONAL NAME
Personal name Milazzo, Vickie L.
710 2# - ADDED ENTRY--CORPORATE NAME
Corporate name or jurisdiction name as entry element Medical-Legal Consulting Institute.
906 ## - LOCAL DATA ELEMENT F, LDF (RLIN)
a 7
b cbc
c copycat
d 3
e ncip
f 20
g y-gencatlg
942 ## - ADDED ENTRY ELEMENTS (KOHA)
Source of classification or shelving scheme
Koha item type Hard Covered Materials
Classification part K 8964 .Z9M55 2008
Holdings
Withdrawn status Lost status Source of classification or shelving scheme Damaged status Not for loan Home library Current library Shelving location Date acquired Source of acquisition Total Checkouts Full call number Barcode Date last seen Date last checked out Price effective from Koha item type
          MACHAKOS UNIVERSITY LIBRARY MACHAKOS UNIVERSITY LIBRARY Technical section 09/02/2017 Donation (BFA) 1 K 8964 .Z9M55 2008 35296 13/11/2019 11/11/2019 09/02/2017 Hard Covered Materials
© Machakos University Library, Along The Highway, Machakos Wote Rd, Machakos, Kenya P.O. Box 136 - 90100 Machakos - Kenya

Tel: ( +254 ) 723 805829 OR Fax : 044-20353 OR Email: library@mksu.ac.ke